| 000 | 01234cam a22003497a 4500 | ||
|---|---|---|---|
| 003 | CHAP | ||
| 005 | 20220329132910.0 | ||
| 008 | 971010s1981 r 00010 d | ||
| 010 | _a69 | ||
| 011 | _a1041 | ||
| 035 | _a216 | ||
| 040 | _cCHAP | ||
| 090 | _aTesis | ||
| 100 | 1 |
_aSaldivar Castillo, José Daniel. _9101535 |
|
| 245 | 1 | 0 | _aEnsayo de fertilización en una plantación de cinco especies forestales de Coatlinchán, Méx. |
| 260 |
_aChapingo, Méx. : _bEl autor, _c1981 |
||
| 300 | _a127 h. | ||
| 502 | _aTesis (Ing. Agr. Esp. en Bosques).-- UACH. Departamento de Bosques | ||
| 590 |
_aALEPH _b10 _c20130110 _lUCH01 _h1204 |
||
| 590 |
_aBATCH-UPD _b10 _c20130110 _lUCH01 _h0133 |
||
| 590 |
_aBATCH-UPD _b10 _c20130110 _lUCH01 _h1202 |
||
| 590 |
_aBATCH-UPD _b10 _c20130409 _lUCH01 _h2129 |
||
| 590 |
_aBATCH-UPD _b10 _c20130410 _lUCH01 _h0744 |
||
| 590 |
_aBATCH-UPD _b10 _c20130914 _lUCH01 _h1400 |
||
| 590 |
_aCONVERSION _b10 _c20130109 _lUCH01 _h1302 |
||
| 650 | 1 | 4 |
_aFertilizantes para árboles. _940628 |
| 650 | 1 | 4 |
_aFertilizantes _xEfecto en árboles. _940532 |
| 901 | _aBK | ||
| 942 | _cFOLL | ||
| 949 |
_aTesis _bBC _cTES _d33724000996047 _eTS1 _h22444 _i216 _sb |
||
| 949 |
_aTesis _bBC _cTES _d33724000996161 _eTS2 _fc.2 _h22455 _i216 _si |
||
| 999 |
_c69 _d69 |
||